| 000 | 01201nam a22003737a 4500 | ||
|---|---|---|---|
| 001 | BR0100661 | ||
| 003 | BR-BrBNA | ||
| 005 | 20230928100756.0 | ||
| 007 | ta | ||
| 008 | 230509b bl.||||| |||| 00| 0 por d | ||
| 040 |
_aBR-BrBNA _bpor _cBiblioteca Nacional de Agricultura |
||
| 041 | _a(Eng, Spa, Por) | ||
| 072 |
_aL01 _b5250 _b5240 |
||
| 090 | _ 5250 BR0100661 | ||
| 100 | 1 | _aSantos, E.S. dos | |
| 100 | 1 | _aSousa, W.H. de(eds.) | |
| 110 | 1 | _aEmpresa Estadual de Pesquisa Agropecuaria da Paraiba S.A., Joao Pessoa (Brasil) | |
| 111 | 1 |
_a1. Simposio Internacional sobre Caprinos e Ovinos de Corte _cJoao Pessoa, PB (Brazil) _d18-22 Sep 2000 |
|
| 245 | 1 | _a1. Simposio Internacional sobre Caprinos e Ovinos de Corte. Anais | |
| 260 | 3 |
_aJoao Pessoa, PB (Brasil): _c2000. |
|
| 300 | _a265 p. | ||
| 500 | _a49 tables; Summaries (Eng, Por); 24 illus.; Several bibliography | ||
| 650 | _aCaprino | ||
| 650 | _aOvino | ||
| 650 | _aProducao Animal | ||
| 650 | _aManejo | ||
| 650 | _aRaca | ||
| 650 | _aCruzamento Animal | ||
| 650 | _aMelhoramento Animal | ||
| 650 | _aTransferencia de Embriao | ||
| 650 | _aComercializacao | ||
| 909 |
_a202309 _bLucia _c55 _dLucia Elande |
||
| 942 | _cBK | ||
| 999 |
_c62749 _d62749 |
||